College Quizbowl Stats
College Quizbowl Stats
Circuits
Seasons
Sets
Records
Detailed Stats
About
Loading...
2023 Penn Bowl @ UNC
Tossups
Bonuses
Players
Teams
Categories (Tossup)
Categories (Bonus)
Vedong Singhal
North Carolina A
Categories
Category
Powers
Gets
Negs
BBs
Points
Earliest Buzz
Avg. Buzz
First Buzzes
Top 3 Buzzes
History - Other History
0
1
0
0
10
130
130.00
1
1
Social Science
0
1
0
1
10
127
127.00
0
1
History - World History
0
0
1
0
-5
0.00
0
0
Science - Biology
0
0
3
0
-15
0.00
0
0
Buzzes
Category
Answer
Value
Buzz Position
Science - Biology
CAM photosynthesis
-5
101
Science - Biology
CAM photosynthesis
-5
101
Science - Biology
ears
-5
108
History - World History
Chinese
-5
123
Social Science
hegemony
10
127
History - Other History
Victoria
10
130
Previous
1
Next